Statistiques concernant Inazuma eleven les 11 joueur en 1 minute

Cliquez ici pour prendre le quiz!

Statistiques générales

  • Ce quiz a été pris 2 660 fois
  • Le résultat moyen est 8 sur 11

Statistiques - réponses

Joueur% Correct
10Axel
98%
3jack
85%
1Marc
82%
11Kevin
81%
2nathan
77%
5Tod
72%
4jim
61%
8Sam
58%
6Steve
58%
7timmy
53%
9Max
52%

Distribution des résultats

Percentile par nombre de réponses

% des personnes avec chaque résultat

Votre développement - résultats

Vous n’avez pas pris ce quiz